000 00276pab a2200109 454500
008 180718b xxu||||| |||| 00| 0 eng d
100 _aKhatkhate, Deena
245 _aIndia 2001: dreams of an optimist
650 _aEconomic Development
773 _aTimes of India
909 _a21696
999 _c21696
_d21696